00327nam a22001217a 4500008004100000020002200041100001500063245007000078250001200148260002900160300000800189650000800197241109b |||||||| |||| 00| 0 eng d a978-93-560-6162-0 aB. Slatkin aEffective Python: 90 Specific Ways to Write Better Python 2nd Ed. a2nd Ed. aNoidabPearson Pubc2022 a397 aCSE